| 000 | 00575nam a22002057a 4500 | ||
|---|---|---|---|
| 003 | OSt | ||
| 005 | 20141018095359.0 | ||
| 008 | 141009b xxu||||| |||| 00| 0 eng d | ||
| 020 | _a968-444-198-3 | ||
| 040 |
_aBMC _cBMC |
||
| 082 | _a658.15 | ||
| 100 | 1 |
_926472 _aOchoa Setzer, Guadalupe |
|
| 245 | 1 | 0 |
_aAdministración financiera 1 _cGuadalupe A. Ochoa Setzer |
| 250 | _a3ª ed | ||
| 260 |
_aMéxico D.F. [etc.] _bPearson Education _c1996 |
||
| 300 |
_a416 p. _c23 cm. |
||
| 504 | _aBibliografía: p. [415]-416 | ||
| 650 | 2 | 4 |
_95713 _aEmpresas _xFinanzas |
| 942 |
_2ddc _cBK |
||
| 999 |
_c14502 _d14502 |
||